Yugi Moto's monster cards - Statistics

General Stats
  • This quiz has been taken 66 times
  • The average score is 46 of 81
Answer Stats
Monster Level Atk/Def Answer % Correct
Level 7 2500/2100 Dark Magician
97%
Level 6 2000/1700 Dark Magician Girl
97%
Level 10 4000/4000 Obelisk the Tormentor
91%
Level 6 2500/1200 Summoned Skull
91%
Level 10 ?/? The Winged Dragon of Ra
91%
Level 4 1400/1200 Celtic Guardian
88%
Level 1 300/200 Kuriboh
88%
Level 10 ?/? Slifer the Sky Dragon
88%
Level 7 2300/2100 Gaia the Fierce Knight
84%
Level 4 1400/1700 Alpha the Magnet Warrior
81%
Level 4 1700/1600 Beta the Magnet Warrior
81%
Level 3 1000/1000 Exodia the Forbidden One
81%
Level 4 1500/1800 Gamma the Magnet Warrior
81%
Level 4 100/2600 Big Shield Gardna
78%
Level 8 3000/2500 Black Luster Soldier
75%
Level 5 2000/1500 Curse of Dragon
75%
Level 5 1900/1000 Jack's Knight
75%
Level 4 1600/1400 King's Knight
75%
Level 1 200/300 Left Arm of the Forbidden One
75%
Level 1 200/300 Left Leg of the Forbidden One
75%
Level 4 1500/1600 Queen's Knight
75%
Level 1 200/300 Right Arm of the Forbidden One
75%
Level 1 200/300 Right Leg of the Forbidden One
75%
Level 4 1200/1500 Beaver Warrior
72%
Level 4 1300/1400 Feral Imp
72%
Level 4 1500/1200 Gazelle the King of Mythical Beasts
72%
Level 7 2600/2300 Buster Blader
69%
Level 3 1300/2000 Giant Soldier of Stone
69%
Level 8 2800/2600 Magician of Black Chaos
66%
Level 4 800/2000 Mystical Elf
66%
Level 7 2400/2000 Red Eyes Black Dragon
66%
Level 5 1000/2000 Catapult Turtle
63%
Level 7 2600/2100 Gaia the Dragon Champion
63%
Level 5 1400/1800 Berfomet
59%
Level 9* 2800/3200100/? Anime Dark Sage
59%
Level 4 1300/1000 Horn Imp
59%
Level 3 1200/800 Mammoth Graveyard
59%
Level 4 1400/1200 Winged Dragon Guardian of the Fortress #1
59%
Level 3 1200/800 Silver Fang
56%
Level 8 3500/3850 Valkyrion the Magna Warrior
56%
Level 3 1000/600 Sangan
53%
Level 6 2100/1800 Chimera the Flying Mythical Beast
50%
Level 4 1400/1200 Obnoxious Celtic Guardian
50%
Level 7 2300/2100 Swift Gaia the Fierce Knight
50%
Level 7 2300/2100 Swift Gaia the Fierce Knight
50%
Level 8 2900/2400 Dark Paladin
47%
Level 4 1400/1600 Green Gadget
47%
Level 4 1300/1500 Red Gadget
47%
Level 4 1000/1000 Silent Magician
47%
Level 1 200/300 Watapon
47%
Level 4 1200/1200 Yellow Gadget
47%
Level 3 300/500 Marshmellon
44%
Level 3 1000/1000 Silent Swordsman
44%
Level 4 1500/800 Blackland Fire Dragon
41%
Level 4 1200/1500 Griffore
41%
Level 4 1500/1200 Komouri Dragon
41%
Level 5 1800/1600 Rude Kaiser
41%
Level 4 1000/1500 Blockman
38%
Level 4 1600/1000 Breaker the Magical Warrior
38%
Level 4 0/1800 Electromagnetic Turtle
38%
Level 8 0/0 Gandora the Dragon of Destruction
38%
Level 5 1500/1000 Kuribabylon
38%
Level 4 1900/1700 Skilled Dark Magician
38%
Level 4 1100/1200 Witch of the Black Forest
38%
Level 5 1800/1300 Battle Steer
34%
Level 6 2200/2500 Beast of Gilfer/Archfiend of Gilfer
34%
Level 3 100/300 Blocken
34%
Level 8 2800/1800 Legendary Knight Critias
34%
Level 8 2800/1800 Legendary Knight Hermos
34%
Level 8 2800/1800 Legendary Knight Timaeus
34%
Level 9 3200/2500 Red Eye Black Skull Dragon
34%
Level 6 2400/1350 Royal Straight Slasher
34%
Level 4 0/2000 Stronghold the Moving Fortress
34%
Level 5 2000/1200 The Tricky
34%
Level 10 ?/? Timaeus the Knight of Destiny
34%
Level 3 1200/600 Torike
34%
Level 8 2900/2500 Amulet Dragon
31%
Level 7 2600/1700 Dark Magician Girl the Dragon Knight
31%
Level 6 2200/1700 Des Volstgalph
25%
Level 3 300/100 Lengard
25%
Level 4 1700/1000 The Rock Spirit
25%
No matching quizzes found
Score Distribution
Percent of People with Each Score
Percentile by Number Answered
Your Score History
You have not taken this quiz